| Tag |
First Indicator |
Second Indicator |
Subfields |
| LEADER |
00000cam a2200000 a 4500 |
| 001 |
in00000029137 |
| 005 |
20151007060104.0 |
| 008 |
860904s1987 inua 00100 eng |
| 010 |
|
|
|a 86062665
|
| 020 |
|
|
|a 0672224488 (pbk.) :
|c $22.95
|
| 035 |
|
|
|a (OCoLC)15077747
|
| 035 |
|
|
|9 AAC0057AM
|
| 040 |
|
|
|a DLC
|c DLC
|d m/c
|d TXA
|d UtOrBLW
|
| 049 |
|
|
|a TXAM
|c [A11671683]
|
| 050 |
0 |
0 |
|a TK5105.7
|b .P34 1987
|
| 082 |
0 |
|
|a 004.6
|2 19
|
| 245 |
0 |
0 |
|a PC LAN primer /
|c Michael Kleeman [and others].
|
| 250 |
|
|
|a 1st ed.
|
| 264 |
|
1 |
|a Indianapolis, IN, USA :
|b H.W. Sams,
|c [1987]
|
| 264 |
|
4 |
|c ©1987
|
| 300 |
|
|
|a xiv, 222 pages :
|b illustrations ;
|c 25 cm.
|
| 336 |
|
|
|a text
|b txt
|2 rdacontent
|
| 337 |
|
|
|a unmediated
|b n
|2 rdamedia
|
| 338 |
|
|
|a volume
|b nc
|2 rdacarrier
|
| 500 |
|
|
|a On cover: The Waite Group.
|
| 500 |
|
|
|a Includes index.
|
| 650 |
|
0 |
|a Local area networks (Computer networks)
|
| 650 |
|
0 |
|a Microcomputers.
|
| 700 |
1 |
|
|a Kleeman, Michael.
|
| 710 |
2 |
|
|a Waite Group.
|
| 999 |
|
|
|a MARS
|
| 999 |
f |
f |
|s 7eaa837b-5094-3a88-9087-aa878da83118
|i 7aebda0c-1498-3abd-9248-ab14bc014186
|t 0
|
| 952 |
f |
f |
|p ric
|a Texas A&M University
|b Rellis Campus
|c Joint Library Facility
|d Remote Storage
|t 0
|e TK5105.7 .P34 1987
|h Library of Congress classification
|i unmediated -- volume
|m A14811671683
|
| 998 |
f |
f |
|a TK5105.7 .P34 1987
|t 0
|l Remote Storage
|